Les conquérants d'Asie
Salvato in:
| Autore principale: | |
|---|---|
| Natura: | Libro |
| Lingua: | francese |
| Pubblicazione: |
París
Payot
1951
|
| Serie: | Bibliothèque Historique
|
| Soggetti: | |
| Tags: |
Aggiungi Tag
Nessun Tag, puoi essere il primo ad aggiungerne!!
|
MARC
| LEADER | 00000nam a2200000 a 4500 | ||
|---|---|---|---|
| 001 | UCP9049 | ||
| 003 | CL-VaPUC | ||
| 008 | 000317e19510000FR |||||||||||||||||fre|d | ||
| 082 | 0 | 4 | |a 950.2 |b PER |2 21 |
| 100 | 0 | |a Percheron, Maurice |e author |9 439373 | |
| 245 | 1 | 4 | |a Les conquérants d'Asie |
| 300 | |a 253 p | ||
| 942 | |c BK | ||
| 945 | |d 20000317 00:00:00 |a rherrera | ||
| 260 | |a París |b Payot |c 1951 | ||
| 600 | 0 | 7 | |a TAMERLAN |2 CL-VaPUC |9 439374 |
| 600 | 0 | 7 | |a ATILA |2 CL-VaPUC |9 438845 |
| 600 | 0 | 7 | |a GENGIS-KHAN |2 CL-VaPUC |9 439291 |
| 650 | 0 | |a Historia de China |9 434737 | |
| 650 | 7 | |a INVASIONES |2 CL-VaPUC |9 392362 | |
| 650 | 0 | |a Bárbaros |9 401294 | |
| 650 | 7 | |a TARTAROS |2 CL-VaPUC |9 439375 | |
| 650 | 7 | |a MONGOLES |2 CL-VaPUC |9 314067 | |
| 650 | 7 | |a IMPERIO MONGOL |2 CL-VaPUC |9 314068 | |
| 650 | 7 | |a HUNOS |2 CL-VaPUC |9 438847 | |
| 651 | 0 | |a China |9 257545 | |
| 651 | 0 | |a Asia |9 268338 | |
| 583 | |a last modification |c 20000317 00:00:00 |k Rodrigo Vera | ||
| 490 | 0 | |a Bibliothèque Historique | |
| 999 | |c 285901 |d 285899 | ||
| 952 | |0 0 |1 0 |4 0 |6 950_200000000000000_PER_1951 |7 0 |8 A |9 330760 |a BIBHIS |b BIBHIS |d 2019-11-20 |i 1395254 |o 950.2 PER 1951 |p 1395254 |r 2025-01-20 |w 2019-11-20 |y BK |k HIS | ||